书目信息 |
| 题名: |
机电设备电控与维修
|
|
| 作者: | 单丽清 , 郑晓斌 , 张中波 主编 | |
| 分册: | ||
| 出版信息: | 北京 北京理工大学出版社 2018.07 |
|
| 页数: | 313页 | |
| 开本: | 26cm | |
| 丛书名: | ||
| 单 册: | ||
| 中图分类: | TM571.2 | |
| 科图分类: | ||
| 主题词: | 机电设备--ji dian she bei--电气控制 , 机电设备--ji dian she bei--维修 | |
| 电子资源: | ||
| ISBN: | 978-7-5682-5840-1 | |
| 000 | 01099nam0 2200277 450 | |
| 001 | 0100011033 | |
| 005 | 20190905093952.0 | |
| 010 | @a978-7-5682-5840-1@dCNY68.00 | |
| 100 | @a20190904d2018 em y0chiy50 ea | |
| 101 | 0 | @achi |
| 102 | @aCN@b110000 | |
| 105 | @aak a 000yy | |
| 106 | @ar | |
| 200 | 1 | @a机电设备电控与维修@Aji dian she bei dian kong yu wei xiu@f主编单丽清, 郑晓斌, 张中波 |
| 210 | @a北京@c北京理工大学出版社@d2018.07 | |
| 215 | @a313页@c图@d26cm | |
| 320 | @a有书目 | |
| 330 | @a本书在编写上采用任务驱动法, 任务1-任务4为继电器-接触器控制系统, 任务5-任务7为典型机床电气控制系统, 任务8-任务14为PLC电气控制系统 (西门子S7-200系列) 。教材将工厂的典型案例引入课程教学, 以使学生达到低压电器控制系统和PLC控制系统的分析、设计、安装、调试和维修的能力要求。 | |
| 606 | 0 | @a机电设备@Aji dian she bei@x电气控制 |
| 606 | 0 | @a机电设备@Aji dian she bei@x维修 |
| 690 | @aTM571.2@v5 | |
| 701 | 0 | @a单丽清@Ashan li qing@4主编 |
| 701 | 0 | @a郑晓斌@Azheng xiao bin@4主编 |
| 701 | 0 | @a张中波@Azhang zhong bo@4主编 |
| 801 | 0 | @aCN@c20190905 |
| 905 | @a河南城建学院图书馆@dTM571.2@eS173 | |
| 机电设备电控与维修/主编单丽清, 郑晓斌, 张中波.-北京:北京理工大学出版社,2018.07 |
| 313页:图;26cm |
| ISBN 978-7-5682-5840-1:CNY68.00 |
| 本书在编写上采用任务驱动法, 任务1-任务4为继电器-接触器控制系统, 任务5-任务7为典型机床电气控制系统, 任务8-任务14为PLC电气控制系统 (西门子S7-200系列) 。教材将工厂的典型案例引入课程教学, 以使学生达到低压电器控制系统和PLC控制系统的分析、设计、安装、调试和维修的能力要求。 |
| ● |
| 相关链接 |
|
|
|
正题名:机电设备电控与维修
索取号:TM571.2/S173
 
预约/预借
| 序号 | 登录号 | 条形码 | 馆藏地/架位号 | 状态 | 备注 |
| 1 | 1439365 | 214393654 | 自科库301/301自科库 13排2列1层/ [索取号:TM571.2/S173] | 在馆 | |
| 2 | 1439366 | 214393663 | 自科库301/301自科库 13排2列1层/ [索取号:TM571.2/S173] | 在馆 |